00253nam a2200085Ia 4500008004100000082002100041100002900062245006800091300000800159210430s9999 xx 000 0 und d a956.70442 A2861G aHazrat Mirza Tahir Ahmad 4aThe Gulf Crisis & The New World OrdercHazrat Mirza Tahir Ahmad a396